000 00536nam a2200181Ia 4500
008 100917s9999 xx 000 0 und d
082 _b50833
100 _aचेंदवणकर सदानंद
245 _aसंत समागम
260 _bसाक्षात्कार प्रकाशन
_c1982
300 _a72
365 _b6
520 _aअध्यात्म
630 _aसंत समागम
650 _aअध्यात्म
730 _aसंत समागम
942 _cBOOK
999 _c656227
_d656224